|
|
|
|
| LEADER |
00000nam0a2200000 4500 |
| 001 |
257103 |
| 005 |
20231101233155.0 |
| 010 |
|
|
|a 5217000260
|
| 020 |
|
|
|a RU
|b 88-5844
|
| 035 |
|
|
|a (RuTPU)RU\TPU\book\279870
|
| 090 |
|
|
|a 257103
|
| 100 |
|
|
|a 20140414d1988 m a0rusy5003 ca
|
| 101 |
0 |
|
|a rus
|
| 102 |
|
|
|a RU
|
| 105 |
|
|
|a y j 001zy
|
| 200 |
1 |
|
|a Экономика приборостроительной промышленности
|e учебник для вузов
|f под ред. С. В. Моисеева, Э. В. Минько
|
| 210 |
|
|
|a Москва
|c Машиностроение
|d 1988
|
| 215 |
|
|
|a 263 с.
|c граф.
|
| 225 |
1 |
|
|a Для вузов
|
| 320 |
|
|
|a Библиогр.: с. 255 - 257.
|
| 320 |
|
|
|a Предм. указ.: с. 258 - 262.
|
| 606 |
1 |
|
|a Приборостроительная промышленность
|x Экономика
|2 stltpush
|3 (RuTPU)RU\TPU\subj\51570
|9 70143
|
| 610 |
1 |
|
|a СССР
|
| 610 |
1 |
|
|a учебники
|
| 610 |
1 |
|
|a приборостроение
|
| 610 |
1 |
|
|a развитие
|
| 610 |
1 |
|
|a оборотные средства
|
| 610 |
1 |
|
|a материально-техническое снабжение
|
| 610 |
1 |
|
|a прогнозирование
|
| 610 |
1 |
|
|a производственная мощность
|
| 610 |
1 |
|
|a себестоимость
|
| 610 |
1 |
|
|a финансы
|
| 610 |
1 |
|
|a технико-экономический анализ
|
| 610 |
1 |
|
|a планирование
|
| 675 |
|
|
|a 681.2.002:658(075.8)
|v 3
|
| 702 |
|
1 |
|a Моисеев
|b С. В.
|4 340
|
| 702 |
|
1 |
|a Минько
|b Э. В.
|4 340
|
| 801 |
|
0 |
|a RU
|b RuMRKP
|c 19950417
|g psbo
|
| 801 |
|
1 |
|a RU
|b 63413507
|c 20140414
|
| 801 |
|
2 |
|a RU
|b 63413507
|c 20140908
|g RCR
|
| 942 |
|
|
|c BK
|